Baudolino (Record no. 406199)

MARC details
000 -LEADER
fixed length control field 00258nam a2200097Ia 4500
082 ## - DEWEY DECIMAL CLASSIFICATION NUMBER
Classification number EF ECO
008 - FIXED-LENGTH DATA ELEMENTS--GENERAL INFORMATION
fixed length control field 210817s9999 xx 000 0 und d
100 ## - MAIN ENTRY--PERSONAL NAME
Personal name ECO, Umberto New York, 2003 1st Harvest ed
9 (RLIN) 96565
245 #0 - TITLE STATEMENT
Title Baudolino
942 ## - ADDED ENTRY ELEMENTS
item type Books

No items available.